[Event "Xtracon Chess Open 2017"]
[Site "Helsingor DEN"]
[Date "2017.07.22"]
[Round "1.131"]
[White "Petersen, Jan"]
[Black "Lien, Kjell Hakon"]
[Result "0-1"]
[WhiteElo "1628"]
[BlackElo "2120"]
[WhiteFideId "1426320"]
[BlackFideId "1510444"]
[EventDate "2017.07.22"]

1. d4 c6 2. c4 Nf6 3. Nc3 d5 4. Nf3 a6 5. Bf4 dxc4 6. a4 Nd5 7. Bg3 Nxc3 8. bxc3
b5 9. d5 Qxd5 10. Qxd5 cxd5 11. axb5 Nd7 12. e4 e6 13. exd5 exd5 14. Be2 Be7 15.
O-O Bf6 16. Nd4 Bxd4 17. cxd4 Bb7 18. Rfe1 O-O 19. Bf3 axb5 20. Rab1 Bc6 21. Re7
Rfe8 22. Bxd5 Bxd5 23. Rxd7 Be4 24. Rc1 b4 25. f3 Bd3 26. Re1 f6 27. Rb7 Rxe1+
28. Bxe1 Ra1 29. Kf2 Ra2+ 30. Kg3 b3 31. Bc3 Rc2 32. Ba1 Bf1 33. d5 Rd2 34. Rd7
b2 35. Bxb2 Rxb2 36. d6 Rxg2+ 37. Kf4 Rg5 38. Rc7 Rd5 39. d7 Kf8 40. Ke4 Rd6 41.
Ra7 Ke7 42. d8=Q+ Kxd8 43. Rxg7 c3 44. Rg1 c2 45. Rxf1 Rd1 46. Rf2 c1=Q 47. Rd2+
Qxd2 0-1

[Event "Xtracon Chess Open 2017"]
[Site "Helsingor DEN"]
[Date "2017.07.22"]
[Round "1.132"]
[White "Kvamme, John A"]
[Black "Jansson, Helge"]
[Result "1-0"]
[WhiteElo "2116"]
[BlackElo "1627"]
[WhiteFideId "1500562"]
[BlackFideId "1523198"]
[EventDate "2017.07.22"]

1. Nf3 Nf6 2. g3 d5 3. Bg2 e6 4. O-O Be7 5. d3 O-O 6. Nbd2 b6 7. e4 Bb7 8. e5
Nfd7 9. Re1 c5 10. Nf1 Nc6 11. h4 Qc7 12. Bf4 Rfd8 13. N1h2 d4 14. h5 Nb4 15. h6
g6 16. Ng4 Nd5 17. Bg5 Bxg5 18. Nxg5 Nb8 19. Ne4 Nc6 20. Qf3 Qe7 21. Nd6 1-0

[Event "Xtracon Chess Open 2017"]
[Site "Helsingor DEN"]
[Date "2017.07.22"]
[Round "1.133"]
[White "Larsen, Hans Haagen"]
[Black "Aroven, Mikael"]
[Result "0-1"]
[WhiteElo "1627"]
[BlackElo "2114"]
[WhiteFideId "1409557"]
[BlackFideId "1709534"]
[EventDate "2017.07.22"]

1. d4 d6 2. Bf4 Nf6 3. e3 g6 4. Nd2 Bg7 5. c4 O-O 6. Be2 Nbd7 7. h3 e5 8. dxe5
dxe5 9. Bg5 h6 10. Bh4 Qe8 11. Ngf3 a5 12. Rc1 Nc5 13. Nb3 Nce4 14. O-O Bf5 15.
g4 Bd7 16. Nbd2 Nc5 17. b3 Bc6 18. g5 Nh7 19. Qc2 Qe6 20. Kh2 Bd7 21. Ng1 hxg5
22. Bg3 f5 23. f4 gxf4 24. exf4 e4 25. Rce1 Qf7 26. Nb1 Ne6 27. c5 Nd4 28. Qc4
Be6 29. Qa4 c6 30. Na3 Nxe2 31. Rxe2 Rfd8 32. Bh4 Rd4 33. b4 Rxb4 34. Qd1 Rd4
35. Rd2 Qd7 36. Rxd4 Qxd4 37. Ne2 Qxd1 38. Rxd1 Bxa2 39. Rd7 Rb8 40. Be7 Nf8 41.
Rd6 Kf7 42. Bg5 Bd5 43. Nc2 b5 44. Ned4 Rc8 45. h4 Ne6 46. Nxe6 Bxe6 47. Nd4
Bxd4 48. Rxd4 b4 49. Kg3 b3 0-1

[Event "Xtracon Chess Open 2017"]
[Site "Helsingor DEN"]
[Date "2017.07.22"]
[Round "1.134"]
[White "Johansen, Oivind"]
[Black "Fuglestein, Sander"]
[Result "1-0"]
[WhiteTitle "FM"]
[WhiteElo "2108"]
[BlackElo "1626"]
[WhiteFideId "1501119"]
[BlackFideId "1536680"]
[EventDate "2017.07.22"]

1. d4 d5 2. c4 c6 3. Nf3 Nf6 4. Nc3 dxc4 5. a4 Bf5 6. e3 e6 7. Bxc4 Be7 8. O-O
O-O 9. Qe2 Qc7 10. e4 Bg6 11. Ne5 Nbd7 12. f4 c5 13. Nxg6 hxg6 14. e5 cxd4 15.
Nb5 Qb6 16. Kh1 Nd5 17. Bxd5 exd5 18. a5 Qd8 19. Nxd4 Nc5 20. f5 g5 21. Ra3 f6
22. e6 Ne4 23. Rh3 Qe8 24. Be3 Bd6 25. Nb5 Be5 26. Bd4 g4 27. Rh4 g3 28. Bxe5
fxe5 29. Nc7 Qe7 30. Qh5 Qxh4 31. Qxh4 g5 32. Qh5 gxh2 33. Qg6+ Kh8 34. Rf3 g4
35. Qxg4 Nf6 36. Rh3+ Nh7 37. Qg6 1-0

[Event "Xtracon Chess Open 2017"]
[Site "Helsingor DEN"]
[Date "2017.07.22"]
[Round "1.135"]
[White "Hansen, Anders2"]
[Black "Kunz, Andre"]
[Result "0-1"]
[WhiteElo "1624"]
[BlackElo "2103"]
[WhiteFideId "1711237"]
[BlackFideId "24623652"]
[EventDate "2017.07.22"]

1. b3 e5 2. Bb2 Nc6 3. e3 Nf6 4. Bb5 Bd6 5. Nf3 e4 6. Ng1 O-O 7. Ne2 a6 8. Bxc6
dxc6 9. h3 Re8 10. O-O Nh5 11. f4 exf3 12. Rxf3 Qg5 13. Na3 b5 14. c4 Bf5 15.
Qf1 Be4 16. Rxf7 Rf8 17. Rf2 Ng3 18. Nxg3 Qxg3 19. Qe2 Qh2+ 0-1

[Event "Xtracon Chess Open 2017"]
[Site "Helsingor DEN"]
[Date "2017.07.22"]
[Round "1.136"]
[White "Wecker, Martin"]
[Black "Warston, Hakan"]
[Result "1-0"]
[WhiteElo "2095"]
[BlackElo "1623"]
[WhiteFideId "12931462"]
[BlackFideId "1717367"]
[EventDate "2017.07.22"]

1. Nf3 d5 2. c4 e6 3. g3 Nf6 4. Bg2 Be7 5. O-O O-O 6. d4 c6 7. Qc2 Nbd7 8. Nbd2
Qc7 9. e4 dxe4 10. Nxe4 Nxe4 11. Qxe4 Nf6 12. Qe2 h6 13. Bf4 Bd6 14. Be5 Nd7 15.
c5 Nxe5 16. Nxe5 Bxe5 17. dxe5 b6 18. Rac1 Bb7 19. Rc2 Rac8 20. Rfc1 Rfd8 21. b4
a6 22. Qe3 b5 23. Bf3 Rd7 24. Rd1 Rxd1+ 25. Bxd1 Rd8 26. Bf3 Qd7 27. Rc1 Qc7 28.
Rd1 Rxd1+ 29. Bxd1 Qd7 30. Bf3 Kf8 31. Kf1 Ke8 32. Ke2 Kf8 33. h4 Kg8 34. Qf4
Kh8 35. Ke3 Kg8 36. Bh5 Kf8 37. g4 Kg8 38. g5 hxg5 39. Qxg5 Kf8 40. Bf3 Qe7 41.
Qf4 Qd8 42. h5 Ke8 43. h6 gxh6 44. Qxh6 Qe7 45. Bh5 Bc8 46. Qh8+ Qf8 47. Qxf8+
Kxf8 48. Kf4 Kg7 49. Kg5 Bd7 50. f4 Be8 51. Bg4 Bd7 52. Bf3 Be8 53. f5 exf5 54.
Kxf5 Bd7+ 55. Kg5 Be8 56. Bg4 Kg8 57. Kf6 Kf8 58. Bh5 Bd7 59. Bxf7 Bg4 60. e6 1-0

[Event "Xtracon Chess Open 2017"]
[Site "Helsingor DEN"]
[Date "2017.07.22"]
[Round "1.137"]
[White "Easwaralingam, Janith"]
[Black "Nielsen, Andre"]
[Result "0-1"]
[WhiteElo "1621"]
[BlackElo "2094"]
[WhiteFideId "1448560"]
[BlackFideId "1518240"]
[EventDate "2017.07.22"]

1. e4 e5 2. f4 d5 3. exd5 e4 4. d3 Nf6 5. Nc3 Bb4 6. Bd2 e3 7. Bxe3 O-O 8. Bd2
Re8+ 9. Be2 Bg4 10. Nf3 Bxf3 11. gxf3 Bc5 12. Ne4 Nxe4 13. fxe4 Qh4+ 0-1

[Event "Xtracon Chess Open 2017"]
[Site "Helsingor DEN"]
[Date "2017.07.22"]
[Round "1.138"]
[White "Eriksson, Kristian"]
[Black "Matsumura, Cocoro"]
[Result "1-0"]
[WhiteElo "2093"]
[BlackElo "1621"]
[WhiteFideId "1705172"]
[BlackFideId "36087114"]
[EventDate "2017.07.22"]

1. d4 Nf6 2. Nc3 c5 3. d5 d6 4. e4 a6 5. f4 e6 6. Nf3 exd5 7. e5 dxe5 8. fxe5
Ne4 9. Nxd5 Be6 10. c4 Qa5+ 11. Nd2 Nc6 12. Bd3 Nxd2 13. Bxd2 Qd8 14. Bc3 Bxd5
15. cxd5 Qxd5 16. O-O O-O-O 17. Qg4+ Kb8 18. Bc4 Nxe5 19. Qf4 Qxc4 20. Bxe5+ Bd6
21. Bxd6+ Rxd6 22. Qxc4 Rc8 23. Qf4 1-0

[Event "Xtracon Chess Open 2017"]
[Site "Helsingor DEN"]
[Date "2017.07.22"]
[Round "1.139"]
[White "Gaure, Sigurd Lauvas"]
[Black "Madsen, Michael B."]
[Result "0-1"]
[WhiteElo "1619"]
[BlackElo "2092"]
[WhiteFideId "1524933"]
[BlackFideId "1413031"]
[EventDate "2017.07.22"]

1. e4 c5 2. Nf3 a6 3. d4 cxd4 4. Nxd4 Nf6 5. Nc3 e5 6. Nf3 Bb4 7. Bd2 d6 8. Bd3
O-O 9. h3 h6 10. O-O Be6 11. a3 Bxc3 12. Bxc3 Nc6 13. b4 Qc7 14. Bb2 Ne7 15. Rc1
Ng6 16. c4 Rfd8 17. Qe1 Nf4 18. Bb1 Bxc4 19. Nd2 b5 20. Nxc4 bxc4 21. Qe3 Rac8
22. Ba2 Qb7 23. Rxc4 Rxc4 24. Bxc4 Nxe4 25. Bxa6 Qxa6 26. Qxe4 Rc8 27. Ra1 Rc4
28. Qf3 Rc2 29. Rb1 Nd3 30. b5 Qxb5 31. Qa8+ Kh7 32. Qe4+ g6 33. Rd1 Nxb2 34.
Qxc2 Nxd1 35. Qxd1 d5 36. a4 Qa5 37. Kf1 d4 38. Ke2 Qa6+ 39. Kd2 e4 40. Qc2 Qa5+
41. Kd1 Qd5 42. Qb2 d3 43. Qb5 Qa2 44. Qc6 Qe2+ 45. Kc1 d2+ 0-1

[Event "Xtracon Chess Open 2017"]
[Site "Helsingor DEN"]
[Date "2017.07.22"]
[Round "1.140"]
[White "Rishovd, Svein"]
[Black "Damm-Frydenberg, Anders"]
[Result "1/2-1/2"]
[WhiteElo "2092"]
[BlackElo "1614"]
[WhiteFideId "1513060"]
[BlackFideId "1462970"]
[EventDate "2017.07.22"]

1. d4 c6 2. c4 d5 3. Nf3 Nf6 4. g3 Bf5 5. Nc3 dxc4 6. Ne5 Nbd7 7. Nxc4 Nb6 8.
Ne5 e6 9. Bg2 Ng4 10. Nxc6 bxc6 11. Bxc6+ Nd7 12. e4 Rc8 13. Bxd7+ Qxd7 14. exf5
exf5 15. O-O Be7 16. Qa4 Qxa4 17. Nxa4 Rc4 18. b3 Rc2 19. Bb2 Kd7 20. Rac1 Rhc8
21. Nc5+ R8xc5 22. dxc5 Rxb2 23. c6+ Kc7 24. Rfd1 Nf6 25. Re1 Ne4 26. Rb1 Rxb1
27. Rxb1 Bc5 28. Rc1 Bxf2+ 29. Kg2 Bc5 30. Kf3 a5 31. Kf4 g6 32. Rc2 Kxc6 33.
Ke5 Kd7 34. Kd5 Bb4 35. Rg2 h5 36. Kc4 Ke6 37. Rc2 Kf6 38. Kd5 Kg5 39. Ke5 Bc3+
40. Kd5 Nf6+ 41. Kc4 Bb4 42. Kb5 Ne4 43. a3 Bxa3 44. Kxa5 Bd6 45. b4 f4 46.
gxf4+ Kxf4 47. b5 g5 48. b6 f5 49. Kb5 Bb8 50. Kc4 g4 51. Kd4 Kf3 52. b7 Nd6 53.
Ke5 Nxb7+ 54. Kxf5 Bf4 55. Kg6 h4 56. Kh5 h3 57. Rc3+ Be3 58. Rxe3+ 1/2-1/2

[Event "Xtracon Chess Open 2017"]
[Site "Helsingor DEN"]
[Date "2017.07.22"]
[Round "1.141"]
[White "Kristensen, Thomas Overgaard"]
[Black "Molvig, Henrik"]
[Result "0-1"]
[BlackTitle "CM"]
[WhiteElo "1610"]
[BlackElo "2090"]
[WhiteFideId "1419803"]
[BlackFideId "1402625"]
[EventDate "2017.07.22"]

1. d4 Nf6 2. c4 g6 3. Nc3 Bg7 4. e4 d6 5. Nge2 O-O 6. Ng3 c5 7. d5 h5 8. h4 a6
9. a4 e5 10. Be2 Nbd7 11. Bg5 Qe8 12. Qd2 Nh7 13. Bh6 Ndf6 14. Bxg7 Kxg7 15. O-O
Qe7 16. f4 Bg4 17. fxe5 Qxe5 18. Rf4 Rae8 19. Bxg4 Nxg4 20. Raf1 Qe7 21. Rf5 Kh8
22. Rxh5 gxh5 23. Nf5 Qe5 24. Rf4 Rg8 25. Ne2 Rg6 26. g3 Nhf6 27. Kg2 Nxe4 28.
Rxe4 Qxe4+ 0-1

[Event "Xtracon Chess Open 2017"]
[Site "Helsingor DEN"]
[Date "2017.07.22"]
[Round "1.142"]
[White "Holinka, Henning"]
[Black "Nilssen, Steinar"]
[Result "1-0"]
[WhiteElo "2087"]
[BlackElo "1608"]
[WhiteFideId "12967084"]
[BlackFideId "1525620"]
[EventDate "2017.07.22"]

1. e4 g6 2. d4 Bg7 3. Nf3 d6 4. Bd3 a6 5. O-O Nd7 6. Re1 e5 7. c3 Ngf6 8. Nbd2
O-O 9. Nc4 b5 10. dxe5 Ng4 11. Bg5 Qe8 12. Ne3 Ndxe5 13. Nd5 Ra7 14. Be7 Be6 15.
Bxf8 Qxf8 16. Nxe5 Nxe5 17. f4 Nxd3 18. Qxd3 c6 19. f5 cxd5 20. fxe6 fxe6 21.
exd5 e5 22. a4 Qc8 23. axb5 Qc5+ 24. Qe3 Qxe3+ 25. Rxe3 Bh6 26. Re4 a5 27. Kf2
Bg5 28. Rc4 Kf7 29. b6 Rb7 30. Rc7+ 1-0

[Event "Xtracon Chess Open 2017"]
[Site "Helsingor DEN"]
[Date "2017.07.22"]
[Round "1.143"]
[White "Sundin, Sven-Ingvar"]
[Black "Petersson, Baldur Teodor"]
[Result "0-1"]
[WhiteElo "1607"]
[BlackElo "2086"]
[WhiteFideId "1724517"]
[BlackFideId "2309157"]
[EventDate "2017.07.22"]

1. e4 c5 2. Nf3 e6 3. d4 cxd4 4. Nxd4 a6 5. Bd3 Bc5 6. Nb3 Be7 7. O-O d6 8. Nc3
Nf6 9. Bg5 Qc7 10. Qd2 Nbd7 11. f4 h6 12. Bxf6 Bxf6 13. Rae1 b5 14. f5 Bxc3 15.
bxc3 e5 16. Rf3 Bb7 17. Rg3 Kf8 18. Bf1 Nf6 19. Rge3 Rc8 20. Bd3 Qxc3 21. Qxc3
Rxc3 22. h3 Ke7 23. Kf2 Rd8 24. Ra1 Nd7 25. a4 b4 26. a5 Nc5 27. Rb1 Nxb3 28.
Rxb3 Rxb3 29. cxb3 Rc8 30. Bc4 Rc5 31. Rg3 Bxe4 32. Rxg7 d5 33. Bxa6 Bxf5 34.
Rg3 Rxa5 35. Be2 Ra2 36. Ke1 Rb2 37. Re3 Ke6 38. Bg4 Bxg4 39. hxg4 Rxg2 0-1

[Event "Xtracon Chess Open 2017"]
[Site "Helsingor DEN"]
[Date "2017.07.22"]
[Round "1.144"]
[White "Mejvik, Jacob"]
[Black "Christensen, John Christopher Hojstrup"]
[Result "1-0"]
[WhiteElo "2085"]
[BlackElo "1603"]
[WhiteFideId "1710621"]
[BlackFideId "1453947"]
[EventDate "2017.07.22"]

1. d4 d5 2. c4 c6 3. Nf3 Nf6 4. e3 e6 5. Qc2 Nbd7 6. b3 Bd6 7. Bb2 O-O 8. Bd3
Re8 9. Ne5 Qc7 10. f4 h6 11. Nc3 Kf8 12. O-O a6 13. Rae1 Qb8 14. Kh1 Re7 15. a3
a5 16. c5 Bc7 17. b4 Kg8 18. b5 1-0

[Event "Xtracon Chess Open 2017"]
[Site "Helsingor DEN"]
[Date "2017.07.22"]
[Round "1.145"]
[White "Joensen, Jon Magnus"]
[Black "Winfridsson, Hakan"]
[Result "0-1"]
[WhiteElo "1600"]
[BlackElo "2081"]
[WhiteFideId "7201915"]
[BlackFideId "1706292"]
[EventDate "2017.07.22"]

1. e4 c5 2. Nf3 Nc6 3. Bc4 d6 4. h3 Nf6 5. Nc3 a6 6. a3 b5 7. Bd5 Nxd5 8. Nxd5
e6 9. Nc3 Be7 10. d3 O-O 11. O-O Bd7 12. Ne2 Qc7 13. c3 Rfc8 14. Bf4 e5 15. Be3
Be6 16. Ng5 Bxg5 17. Bxg5 d5 18. Ng3 f6 19. exd5 Bxd5 20. Be3 Ne7 21. Re1 Rd8
22. Qc2 Rac8 23. c4 Ba8 24. f3 Kh8 25. Bf2 Qd7 26. Rad1 Nf5 27. Nxf5 Qxf5 28.
Qe2 h6 29. b3 g5 30. Be3 Rd7 31. Rd2 h5 32. Red1 Rg7 33. Kh2 g4 34. fxg4 hxg4
35. Rf1 Qh7 36. Qe1 f5 37. Bg1 g3+ 38. Qxg3 Rxg3 39. Kxg3 f4+ 40. Kf2 Qh4+ 0-1

[Event "Xtracon Chess Open 2017"]
[Site "Helsingor DEN"]
[Date "2017.07.22"]
[Round "1.146"]
[White "Verhasselt, Karsten"]
[Black "Tryggestad, Linnea Garberg"]
[Result "1-0"]
[WhiteElo "2079"]
[BlackElo "1597"]
[WhiteFideId "228893"]
[BlackFideId "1518623"]
[EventDate "2017.07.22"]

1. e4 c6 2. d4 d5 3. Nd2 dxe4 4. Nxe4 Bf5 5. Ng3 Bg6 6. h4 h6 7. Nf3 Nf6 8. Ne5
Bh7 9. Bd3 Nbd7 10. Bxh7 Nxh7 11. Bf4 Nhf6 12. Qd3 Nxe5 13. Bxe5 e6 14. Ne4 Be7
15. O-O-O Qd5 16. Bxf6 gxf6 17. c4 Qd7 18. g4 O-O-O 19. Qf3 f5 20. gxf5 exf5 21.
Ng3 Qe6 22. Qxf5 Qxf5 23. Nxf5 Bf6 24. Rhe1 b5 25. b3 Kd7 26. Re4 h5 27. d5 bxc4
28. Rxc4 cxd5 29. Rxd5+ Ke8 30. Re4+ Kf8 31. Ra5 Rc8+ 32. Kd1 Rc7 33. Rb5 Rd7+
34. Ke2 Rh7 35. Rb8+ Rd8 36. Reb4 Ke8 37. Rxd8+ Bxd8 38. Rb7 Bb6 39. b4 Kd8 40.
a4 Bc7 41. Rxa7 f6 42. Ra6 Be5 43. Ra8+ Kd7 44. Ra7+ Bc7 45. b5 1-0

[Event "Xtracon Chess Open 2017"]
[Site "Helsingor DEN"]
[Date "2017.07.22"]
[Round "1.147"]
[White "Persson, Lars 1958"]
[Black "Stray, Gunnar"]
[Result "0-1"]
[WhiteElo "1590"]
[BlackElo "2078"]
[WhiteFideId "1742469"]
[BlackFideId "1501631"]
[EventDate "2017.07.22"]

1. d4 f5 2. e3 Nf6 3. Bd3 e6 4. f4 d5 5. Nf3 c5 6. c3 Nc6 7. O-O Be7 8. Nbd2 O-O
9. Ne5 cxd4 10. exd4 Ne4 11. Ndf3 Bf6 12. Be3 Bd7 13. Qe2 Be8 14. Nxc6 bxc6 15.
Ne5 Rb8 16. Bxe4 fxe4 17. g4 Rb7 18. g5 Bxe5 19. dxe5 Rf5 20. Rf2 Qa5 21. h4 c5
22. Kh2 Qc7 23. Qd2 Bh5 24. Rg1 Qc8 25. a3 Rd7 26. Rc1 Bf3 27. b4 c4 28. Qe1 Qe8
29. Rf1 Qh5 30. Qg3 Be2 31. Rg1 Rb7 32. Ra1 a6 33. Ra2 Bf3 34. Rf2 Qe8 35. Ra2
Qa4 36. Qf2 a5 37. Qd2 Rf8 38. Rga1 Qe8 39. Qf2 Qh5 40. Qe1 a4 41. Rd2 Rf5 42.
Qg3 g6 43. Re1 h6 44. gxh6 Qxh6 45. Rg1 Kf7 46. Rb1 Rh5 47. Bf2 Rf5 48. Be3 Rb8
49. Rg1 Rh8 50. Kh3 Rh5 51. Bf2 e3 52. Qxf3 exf2 53. Rxf2 Rxh4+ 54. Kg2 Rh3 55.
Qd1 Rxc3 56. Qxa4 Qh3# 0-1

[Event "Xtracon Chess Open 2017"]
[Site "Helsingor DEN"]
[Date "2017.07.22"]
[Round "1.148"]
[White "Vesterli, Michael E."]
[Black "Rasmussen, Ole"]
[Result "1-0"]
[WhiteElo "2073"]
[BlackElo "1577"]
[WhiteFideId "1417339"]
[BlackFideId "1417118"]
[EventDate "2017.07.22"]

1. d4 Nf6 2. c4 e6 3. Nf3 d5 4. Nc3 Be7 5. Qc2 O-O 6. Bg5 Nbd7 7. e3 h6 8. Bh4
b6 9. cxd5 exd5 10. Be2 Bb7 11. O-O Rc8 12. Nb5 c6 13. Nxa7 Ne4 14. Bxe7 Qxe7
15. Nxc8 Rxc8 16. Rac1 b5 17. Bd3 Ndf6 18. Ne5 c5 19. Qe2 c4 20. Bxe4 Nxe4 21.
b3 f6 22. Ng6 Qe8 23. Nf4 Ra8 24. bxc4 bxc4 25. Qb2 Bc6 26. Ne2 Rb8 27. Qa1 Ra8
28. Rfe1 Qd8 29. f3 Nd6 30. Nc3 Qa5 31. Qb2 Qa7 32. Rb1 Qd7 33. Qb6 Kh7 34. e4
Nc8 35. Qc5 dxe4 36. fxe4 Nd6 37. Rb6 1-0

[Event "Xtracon Chess Open 2017"]
[Site "Helsingor DEN"]
[Date "2017.07.22"]
[Round "1.149"]
[White "Jensen, Morten Frank"]
[Black "Tonnesen, Jan Ryder"]
[Result "1-0"]
[WhiteElo "2063"]
[BlackElo "1575"]
[WhiteFideId "1407325"]
[BlackFideId "1461869"]
[EventDate "2017.07.22"]

1. e4 e5 2. Nf3 Nc6 3. Nc3 Nf6 4. g3 b6 5. Bg2 Bb7 6. O-O Bc5 7. d3 O-O 8. Be3
Bxe3 9. fxe3 d6 10. Nh4 Ne7 11. Rf2 c5 12. Qe2 Bc8 13. Nf5 a6 14. Raf1 Nxf5 15.
exf5 Ra7 16. g4 Bb7 17. g5 Bxg2 18. Rxg2 Ne8 19. f6 Kh8 20. Nd5 g6 21. Qg4 Nc7
22. Ne7 Ne6 23. Nc6 Qa8 24. Nxa7 Qxa7 25. Rg3 h5 26. gxh6 Kh7 27. h4 Qa8 28. Kf2
b5 29. Ke2 Qc6 30. Rfg1 Kxh6 31. Qe4 Qxe4 32. dxe4 Kh5 33. R3g2 a5 34. Kf3 b4
35. Rd2 Rd8 36. Rgd1 Kxh4 37. Rh1+ Kg5 38. Rdh2 Kxf6 39. Rh8 Rxh8 40. Rxh8 Ng5+
41. Ke2 Nxe4 42. Ra8 a4 43. Rxa4 Kg5 44. a3 Kf5 45. axb4 cxb4 46. Rxb4 g5 47.
Kf3 Nd2+ 48. Kg3 f6 49. Ra4 Ne4+ 50. Kg2 g4 51. b4 Nc3 52. Ra3 Nb5 53. Ra5 Nc3
54. b5 Nd5 55. Kf2 Ke6 56. c4 Nb6 57. c5 Nc4 58. Ra6 Kd7 59. c6+ Kc7 60. Ra7+
Kc8 61. Rf7 g3+ 62. Kxg3 Nxe3 63. b6 Nd5 64. Rf8# 1-0

[Event "Xtracon Chess Open 2017"]
[Site "Helsingor DEN"]
[Date "2017.07.22"]
[Round "1.150"]
[White "Palozza, Flavio"]
[Black "Nielsen, Jorgen Lovgren"]
[Result "0-1"]
[WhiteElo "1573"]
[BlackElo "2063"]
[WhiteFideId "2815740"]
[BlackFideId "1403850"]
[EventDate "2017.07.22"]

1. e4 e5 2. Nf3 Nc6 3. Bc4 Nf6 4. Ng5 d5 5. exd5 Na5 6. Bb5+ c6 7. dxc6 bxc6 8.
Be2 h6 9. Nf3 e4 10. Ne5 Bd6 11. Nc4 Nxc4 12. Bxc4 Ng4 13. Qe2 O-O 14. h3 Qh4
15. g3 Bxg3 16. fxg3 Qxg3+ 17. Kf1 Ne5 18. Qg2 Qxg2+ 19. Kxg2 Nxc4 20. b3 Ne5
21. Nc3 f5 22. Bb2 Ng6 23. Kf2 Be6 24. Ke3 Rad8 25. Rhg1 Kh7 26. h4 Nxh4 27.
Nxe4 Rf7 28. Nc5 f4+ 29. Ke4 Bd5+ 30. Ke5 Nf3# 0-1

[Event "Xtracon Chess Open 2017"]
[Site "Helsingor DEN"]
[Date "2017.07.22"]
[Round "1.151"]
[White "Salerno, Christian"]
[Black "Shehzad, Alisha"]
[Result "1-0"]
[WhiteElo "2056"]
[BlackElo "1573"]
[WhiteFideId "1310810"]
[BlackFideId "1521926"]
[EventDate "2017.07.22"]

1. e4 c5 2. Nf3 e6 3. d4 cxd4 4. Nxd4 Nc6 5. Nxc6 bxc6 6. Bd3 Nf6 7. O-O Be7 8.
Nd2 O-O 9. c4 e5 10. Nf3 Qc7 11. b3 Re8 12. Bb2 Bc5 13. Qd2 a5 14. Qg5 d6 15. h3
a4 16. Rab1 axb3 17. axb3 Be6 18. Bc3 Ra3 19. Qd2 Rea8 20. b4 Bb6 21. Bb2 Ra2
22. Qc3 Nd7 23. Rbd1 Qb8 24. Rc1 f6 25. Rfd1 Qa7 26. Rc2 Qb8 27. Qd2 Bc7 28. Nh4
Nf8 29. Nf5 Bxf5 30. exf5 R2a4 31. Be4 Rxb4 32. Bxc6 Ra2 33. Bb5 Ba5 34. Qd5+
Kh8 35. Rb1 Rb3 36. Qf7 Bb4 37. Be8 d5 38. cxd5 h6 39. Rc7 Ne6 40. dxe6 1-0

[Event "Xtracon Chess Open 2017"]
[Site "Helsingor DEN"]
[Date "2017.07.22"]
[Round "1.152"]
[White "Ronnestad, Liam Jansson"]
[Black "Kocur, Johan"]
[Result "0-1"]
[WhiteElo "1569"]
[BlackElo "2055"]
[WhiteFideId "1523384"]
[BlackFideId "202614"]
[EventDate "2017.07.22"]

1. d4 Nf6 2. c4 e6 3. Nc3 Bb4 4. Qc2 d5 5. e3 c5 6. cxd5 Qxd5 7. Bd2 Bxc3 8.
Bxc3 Nc6 9. Nf3 Ne4 10. Rd1 Nxc3 11. bxc3 cxd4 12. Nxd4 O-O 13. Nxc6 Qxc6 14. f3
Qc5 15. Qd2 e5 16. c4 Be6 17. e4 Rac8 18. Qf2 Qa5+ 19. Qd2 Qb6 20. Qc3 Rfd8 21.
Rxd8+ Rxd8 22. Qc1 Qc5 23. g4 b5 24. h4 Bxc4 25. Rh2 Qb4+ 26. Kf2 Qd2+ 27. Qxd2
Rxd2+ 28. Kg3 Rxh2 29. Kxh2 Bxf1 30. a3 a5 31. Kg1 b4 32. axb4 axb4 0-1

[Event "Xtracon Chess Open 2017"]
[Site "Helsingor DEN"]
[Date "2017.07.22"]
[Round "1.153"]
[White "Pallesen, Jacob"]
[Black "Maselli, David"]
[Result "1/2-1/2"]
[WhiteElo "2054"]
[BlackElo "1568"]
[WhiteFideId "1404881"]
[BlackFideId "2814159"]
[EventDate "2017.07.22"]

1. b3 Nf6 2. Bb2 g6 3. e4 d6 4. Nc3 Bg7 5. d4 O-O 6. Be2 e5 7. dxe5 dxe5 8. Nf3
Nbd7 9. O-O b6 10. Bb5 Bb7 11. Bxd7 Nxd7 12. Nd5 Re8 13. Qe2 c6 14. Nb4 Qc7 15.
Rad1 Rad8 16. Nd3 Ba6 17. c4 f6 18. g4 g5 19. Nb4 Bb7 1/2-1/2

[Event "Xtracon Chess Open 2017"]
[Site "Helsingor DEN"]
[Date "2017.07.22"]
[Round "1.154"]
[White "Joensen, Sigurd"]
[Black "Subramanian, Aditya"]
[Result "0-1"]
[WhiteElo "1567"]
[BlackElo "2054"]
[WhiteFideId "7200935"]
[BlackFideId "1718924"]
[EventDate "2017.07.22"]

1. e4 e5 2. Nf3 Nc6 3. Nc3 Nf6 4. d3 d6 5. h3 h6 6. Be2 g6 7. Be3 Bg7 8. Qd2 d5
9. exd5 Nxd5 10. Nxd5 Qxd5 11. c3 Be6 12. O-O O-O-O 13. Rfd1 Qd7 14. Nh2 g5 15.
f3 f5 16. Qc2 Bf6 17. Qa4 Kb8 18. Rd2 h5 19. Rad1 g4 20. fxg4 hxg4 21. hxg4 f4
22. Bc5 Qh7 23. Nf3 Bxg4 24. Kf1 Qf5 25. Qe4 Rdg8 26. Qxf5 Bxf5 27. Kf2 Nd8 28.
Rg1 Ne6 29. Bb4 Rg3 30. d4 e4 31. Ne5 Bxe5 32. Kf1 Bd6 33. Bxd6 cxd6 34. d5 Ng5
35. c4 Rh2 36. Bd1 e3 37. Re2 Bd3 38. b3 Rf3+ 39. gxf3 Rf2+ 40. Ke1 Nxf3# 0-1

[Event "Xtracon Chess Open 2017"]
[Site "Helsingor DEN"]
[Date "2017.07.22"]
[Round "1.155"]
[White "Ingebretsen, Jens E"]
[Black "Hina, Ariza"]
[Result "1-0"]
[WhiteElo "2053"]
[BlackElo "1555"]
[WhiteFideId "1522965"]
[BlackFideId "1525441"]
[EventDate "2017.07.22"]

1. e4 e5 2. Nf3 Nc6 3. Bc4 Nf6 4. d3 Bc5 5. O-O d6 6. c3 Be6 7. Bxe6 fxe6 8. Qb3
Qd7 9. Ng5 d5 10. d4 exd4 11. exd5 Na5 12. dxe6 Qc6 13. Qc2 dxc3 14. Nxc3 O-O
15. Nce4 Nxe4 16. Qxe4 Qxe4 17. Nxe4 Bb6 18. Bd2 Rfe8 19. Bxa5 Bxa5 20. Nc5 b6
21. Nb3 Rxe6 22. Rfc1 Re7 23. Rab1 Rc8 24. Kf1 Re6 25. Nxa5 bxa5 26. Rc5 Ra6 27.
a4 c6 28. Ke2 Kf7 29. Kd3 Ke6 30. Kc3 Kd6 31. Rg5 g6 32. f4 Rb8 33. Rd1+ Kc7 34.
f5 gxf5 35. Rxf5 Rg8 36. g3 Rg4 37. Rf7+ Kb6 38. Rd4 Rg6 39. Rxh7 c5 40. Rdh4
Kc6 41. R4h5 Re6 42. R7h6 1-0

[Event "Xtracon Chess Open 2017"]
[Site "Helsingor DEN"]
[Date "2017.07.22"]
[Round "1.156"]
[White "Jacobsen, Fredrik Lytomt"]
[Black "Schack, Asbjorn Hovgaard"]
[Result "0-1"]
[WhiteElo "1551"]
[BlackElo "2053"]
[WhiteFideId "1519808"]
[BlackFideId "1449575"]
[EventDate "2017.07.22"]

1. d4 Nf6 2. Nc3 e6 3. Bf4 d5 4. Qd2 Bb4 5. f3 O-O 6. O-O-O c5 7. dxc5 Nc6 8.
Bd6 d4 9. Bxf8 Qxf8 10. e3 dxc3 11. bxc3 Ba3+ 12. Kb1 Qxc5 13. Bc4 Qxc4 14. Ka1
Bd7 0-1